000 01325nam a2200313 i 4500
001 177818
003 ES-MaACL
005 20240306063008.0
008 110428s2009 sp |||| | spa d
017 _aM 45262-2009
_bOficina Depósito Legal Madrid
020 _a9788467032079
040 _cES-MaACL
080 _a811.134.2'36
245 0 0 _aNueva gramática de la lengua española /
_cReal Academia Española, Asociación de Academias de la Lengua Española.
264 4 _aMadrid :
_bEspasa Libros,
_c[2009]
300 _a2 volúmenes (LIV, 3885 páginas.) ;
_c25 cm
500 _aÍndice
505 8 0 _a1. Morfología ; Sintaxis I -- 2. Sintaxis II
650 4 _aLengua española-
_xGramática
_914161
710 2 _aReal Academia Española
_96336
_eisb
710 2 _aAsociación de Academias de la Lengua Española.
_91548
_eisb
852 _aES-MaACL
_bR. 145708
_cDEPO1
_dOlim: N-4118
_hDonación: Editorial
_jA-11113
_xCartoné
_9184673
852 _aES-MaACL
_bR.145708
_cDEPO1
_dOlim: N-4119
_hDonación: Editorial
_jA-11114
_xCartoné
_9200477
852 _aES-MaACL
_cDEPOJ
_hDonación: Editorial
_jN-8385
_xCartoné
_9200058
852 _aES-MaACL
_cDEPO1
_hDonación: Editorial
_jN-8386
_xCartoné
_9200057
942 _cMONOGRAFIA
_n0
999 _c177818
_d177818